Géographie de l'Afrique par lettre - T - Statistiques

Statistiques générales
  • Ce quiz a été pris 135 fois
  • Le résultat moyen est 4 sur 9
Statistiques - réponses
Indice Réponse % Correct
Pays d'Afrique du Nord, bordant un lac du même nom Tchad
89%
Capitale d'un pays d'Afrique du Nord au nom fort ressemblant au pays où elle se trouve Tunis
89%
Pays très étroit bordant le Golfe de Guinée Togo
87%
Population nomade vivant dans une partie du Sahara Touareg
70%
Ancien pays s'étant uni à Zanzibar pour former la Tanzanie Tanganyika
33%
Désert du nord du Niger, où se trouvait l'arbre le plus isolé du monde Ténéré
21%
Langue parlée dans plusieurs pays du sud, dont un qui porte en partie son nom Tswana
11%
Deuxième ville du Sénégal Touba
5%
Plus longue rivière du Kenya, également le nom d'un lac en Éthiopie Tana
3%
Aucun quiz correspondant
Distribution des résultats
% des personnes avec chaque résultat
Percentile par nombre de réponses
Votre historique - résultats
Vous n’avez pas pris ce quiz